Comment traduire / (Record no. 50193)

MARC details
000 -LEADER
fixed length control field 00736cam a22002531a 4500
001 - CONTROL NUMBER
control field ne 68000915
003 - CONTROL NUMBER IDENTIFIER
control field DLC
005 - DATE AND TIME OF LATEST TRANSACTION
control field 20260227111839.0
008 - FIXED-LENGTH DATA ELEMENTS--GENERAL INFORMATION
fixed length control field 820217s1967 fr 000 0 fre
010 ## - LIBRARY OF CONGRESS CONTROL NUMBER
LC control number ne 68000915
035 ## - SYSTEM CONTROL NUMBER
System control number (OCoLC)8160976
040 ## - CATALOGING SOURCE
Original cataloging agency DLC
Transcribing agency IU
Modifying agency DLC
041 0# - LANGUAGE CODE
Language code of text/sound track or separate title freara
042 ## - AUTHENTICATION CODE
Authentication code premarc
050 00 - LIBRARY OF CONGRESS CALL NUMBER
Classification number PC2129.A7
Item number M6
100 1# - MAIN ENTRY--PERSONAL NAME
Personal name Morcos, Fouad,
Dates associated with a name 1919-
245 10 - TITLE STATEMENT
Title Comment traduire /
Statement of responsibility, etc. [par] Fouad Morcos, Gamil Farag [et] Yéhia Saad.
260 ## - PUBLICATION, DISTRIBUTION, ETC.
Place of publication, distribution, etc. Le Caire :
Name of publisher, distributor, etc. Livres de France,
Date of publication, distribution, etc. 1967.
300 ## - PHYSICAL DESCRIPTION
Extent 374 p. ;
Dimensions 24 cm.
500 ## - GENERAL NOTE
General note French and Arabic.
650 #0 - SUBJECT ADDED ENTRY--TOPICAL TERM
Topical term or geographic name entry element French language
General subdivision Textbooks for foreign speakers
-- Arabic.
700 1# - ADDED ENTRY--PERSONAL NAME
Personal name Farag, Gamil,
Dates associated with a name 1922-
700 1# - ADDED ENTRY--PERSONAL NAME
Personal name Saad, Yéhia,
Dates associated with a name 1919-

No items available.

Powered by Koha